A PRINCESS REMEMBERS (Record no. 96398)

MARC details
000 -LEADER
fixed length control field 00430nam a2200181Ia 4500
008 - FIXED-LENGTH DATA ELEMENTS--GENERAL INFORMATION
fixed length control field 090124s9999 xx 000 0 und d
082 ## - DEWEY DECIMAL CLASSIFICATION NUMBER
Item number 28060
100 ## - MAIN ENTRY--PERSONAL NAME
Personal name GAYATRI DEVI
245 ## - TITLE STATEMENT
Title A PRINCESS REMEMBERS
250 ## - EDITION STATEMENT
Edition statement 1
260 ## - PUBLICATION, DISTRIBUTION, ETC. (IMPRINT)
Name of publisher, distributor, etc TARANG PAPERBACKS
Date of publication, distribution, etc 1989
300 ## - PHYSICAL DESCRIPTION
Extent 335
600 ## - SUBJECT ADDED ENTRY--PERSONAL NAME
Personal name GAYATRI DEVI
630 ## - SUBJECT ADDED ENTRY--UNIFORM TITLE
Uniform title A PRINCESS REMEMBERS
700 ## - ADDED ENTRY--PERSONAL NAME
Personal name GAYATRI DEVI
730 ## - ADDED ENTRY--UNIFORM TITLE
Uniform title A PRINCESS REMEMBERS
942 ## - ADDED ENTRY ELEMENTS (KOHA)
Koha item type Book
Holdings
Withdrawn status Lost status Damaged status Not for loan Home library Current library Date acquired Cost, normal purchase price Total Checkouts Full call number Barcode Date last seen Cost, replacement price Price effective from Koha item type
        Nagar Wachan Mandir, Thane Nagar Wachan Mandir, Thane   45.00   28060 THNNWM-28060 01/24/2009 45.00 01/24/2009 Book